Creencias de un escéptico: lugares comunes sobre el humanismo clásico
Guardat en:
| Autor principal: | |
|---|---|
| Format: | Llibre |
| Idioma: | espanyol |
| Publicat: |
Bogotá
Instituto Caro y Cuervo
1996
|
| Col·lecció: | Serie La Granada Entreabierta, 80
|
| Matèries: | |
| Etiquetes: |
Afegir etiqueta
Sense etiquetes, Sigues el primer a etiquetar aquest registre!
|
MARC
| LEADER | 00000nam a2200000 a 4500 | ||
|---|---|---|---|
| 001 | UCT4272 | ||
| 003 | CL-VaPUC | ||
| 008 | 961108e19960000CK |||||||||||||||||spa|d | ||
| 082 | 0 | 4 | |a 144 |b RES |2 21 |
| 100 | 0 | |a Restrepo, Jorge |e author |9 373503 | |
| 245 | 1 | 0 | |a Creencias de un escéptico: lugares comunes sobre el humanismo clásico |
| 300 | |a 107 p | ||
| 942 | |c BK | ||
| 945 | |d 19961108 00:00:00 |a nastorga | ||
| 260 | |a Bogotá |b Instituto Caro y Cuervo |c 1996 | ||
| 650 | 0 | |a Humanismo |9 256530 | |
| 650 | 0 | |a Existencia |9 347398 | |
| 650 | 0 | |a Creencias |9 313510 | |
| 650 | 7 | |a ESCEPTICO |2 CL-VaPUC |9 373504 | |
| 650 | 7 | |a DOCTRINAS |2 CL-VaPUC |9 317761 | |
| 650 | 7 | |a ORIGEN |2 CL-VaPUC |9 373505 | |
| 650 | 7 | |a DESTINO |2 CL-VaPUC |9 373506 | |
| 650 | 0 | |a Filosofía |9 223554 | |
| 583 | |a last modification |c 19961108 00:00:00 |k Rodrigo Vera | ||
| 490 | 0 | |a Serie La Granada Entreabierta, 80 | |
| 999 | |c 253680 |d 253678 | ||
| 952 | |0 0 |1 0 |4 0 |6 144_000000000000000_RES_1996 |7 0 |8 A |9 274712 |a BIBEDU |b BIBEDU |d 2019-11-19 |i 3250407 |l 4 |m 2 |o 144 RES 1996 |p 3250407 |q 2024-08-02 |r 2024-07-03 |s 2024-07-03 |w 2019-11-19 |y BK |k LIT | ||
| 952 | |0 0 |1 0 |4 0 |6 144_000000000000000_RES_1996 |7 0 |8 A |9 274713 |a BIBEDU |b BIBEDU |d 2019-11-19 |i 3263568 |o 144 RES 1996 |p 3263568 |r 2019-11-19 |w 2019-11-19 |y BK |k LIT | ||